| 000 | 00756mam a2200277 a 4500 | ||
|---|---|---|---|
| 001 | 2101672 | ||
| 003 | ARRUPE | ||
| 005 | 20131126144908.0 | ||
| 008 | 971117s1997 enk 000 0 eng d | ||
| 010 | _agb 97072550 | ||
| 015 | _aGB97-72550 | ||
| 020 | _a0571192734 (cased) | ||
| 020 |
_a0571192718 (pbk) : _c£6.99 |
||
| 035 | _a(OCoLC)39791066 | ||
| 035 | _a(OCoLC)ocm39791066 | ||
| 035 | _a(NNC)2101672 | ||
| 040 |
_aUKM _cUKM |
||
| 050 |
_aPR6069 _b.T677I5 |
||
| 100 | 1 |
_aStoppard, Tom. _94000 |
|
| 245 | 1 | 4 |
_aThe invention of love / _cTom Stoppard. |
| 260 |
_aLondon : _bFaber, _c1997. |
||
| 300 |
_a106 p. ; _c20 cm. |
||
| 600 | 1 | 4 |
_aHousman, A. E. _q(Alfred Edward), _d1859-1936 _xDrama. _94001 |
| 942 |
_2lcc _cMONOGRAPH |
||
| 999 |
_c118727 _d118727 |
||